Advancing in English : (Record no. 10930)
[ view plain ]
| 000 -LEADER | |
|---|---|
| fixed length control field | 00734nam a22002172 4500 |
| 001 - CONTROL NUMBER | |
| control field | 0000007249 |
| 005 - DATE AND TIME OF LATEST TRANSACTION | |
| control field | 20151217154401.0 |
| 008 - FIXED-LENGTH DATA ELEMENTS--GENERAL INFORMATION | |
| fixed length control field | 071206s xx 000 0 eng d |
| 020 ## - INTERNATIONAL STANDARD BOOK NUMBER | |
| International Standard Book Number | 996649439 : |
| Terms of availability | KES 350 |
| 040 ## - CATALOGING SOURCE | |
| Original cataloging agency | KABU |
| Transcribing agency | KABU |
| 100 1# - MAIN ENTRY--PERSONAL NAME | |
| Personal name | Vikiru, Lillian. |
| -- | 0000158423 |
| 245 10 - TITLE STATEMENT | |
| Title | Advancing in English : |
| Remainder of title | a new integrated course for secondary schools; student's book 4 / |
| Statement of responsibility, etc. | Lillian Vikiru, Hilda Omwoyo, Hilda Oburu. |
| 260 ## - PUBLICATION, DISTRIBUTION, ETC. (IMPRINT) | |
| Place of publication, distribution, etc. | Nairobi : |
| Name of publisher, distributor, etc. | Longhorn, |
| Date of publication, distribution, etc. | 2005. |
| 300 ## - PHYSICAL DESCRIPTION | |
| Extent | vi, 304 p. |
| 650 #0 - SUBJECT ADDED ENTRY--TOPICAL TERM | |
| Topical term or geographic name as entry element | English language |
| General subdivision | Textbooks. |
| -- | 0000158424 |
| 700 1# - ADDED ENTRY--PERSONAL NAME | |
| Personal name | Omwoyo, Hilda. |
| -- | 0000158425 |
| 700 1# - ADDED ENTRY--PERSONAL NAME | |
| Personal name | Oburu, Hilda. |
| -- | 0000158426 |
| 908 ## - PUT COMMAND PARAMETER (RLIN) | |
| Put command parameter | 071206 |
| 950 ## - LOCAL HOLDINGS (RLIN) | |
| -- | 1 |
| Withdrawn status | Lost status | Source of classification or shelving scheme | Not for loan | Home library | Current library | Date acquired | Total Checkouts | Full call number | Barcode | Date last seen | Date last checked out | Price effective from | Koha item type |
|---|---|---|---|---|---|---|---|---|---|---|---|---|---|
| Library of Congress Classification | Kabarak, Main Campus | Kabarak, Main Campus | 17/12/2015 | 2 | PE1128 .A2V54 | 011472 | 30/03/2017 | 16/03/2017 | 17/12/2015 | General Collection |